Statistics for Match the fact to an English/British monarch

Click here to take the quiz!

General Stats

  • This quiz has been taken 3 times
  • The average score is 11 of 42

Answer Stats

HintAnswer% Correct
Last of the StuartsAnne
100%
Known as LongshanksEdward I
50%
Started the 100 years warEdward III
50%
Reign known as "Edwardian Era"Edward VII
50%
Abdicated to marry his loverEdward VIII
50%
Defeated the Spanish Armada in 1588Elizabeth I
50%
Longest reigning British monarchElizabeth II
50%
"Bonnie Prince Charlie" was defeated in his reignGeorge II
50%
Lost Britain's American coloniesGeorge III
50%
Monarch during World War 1George V
50%
Monarch during World War 2George VI
50%
Lost his heir in the White Ship DisasterHenry I
50%
Married Eleanor of AquitaineHenry II
50%
Won the battle of AgincourtHenry V
50%
Ended the Wars of the RosesHenry VII
50%
Broke with RomeHenry VIII
50%
First monarch of Scotland and EnglandJames I
50%
Forced to sign Manga Carta in 1215John
50%
Burned 280 ProtestantsMary I
50%
First British monarch to be photographedVictoria
50%
Dissolved Parliament for 11 years, eventually causing civil warCharles I
0%
"Merry Monarch"Charles II
0%
Longest-serving heir apparentCharles III
0%
Deposed by his wife and her loverEdward II
0%
Tallest King of England on recordEdward IV
0%
Disappeared along with his brother whilst awaiting his coronationEdward V
0%
First Protestant monarch of EnglandEdward VI
0%
Allegedly refused to learn EnglishGeorge I
0%
Secretly married a Roman Catholic in 1785George IV
0%
Poor leadership led to the Second Barons' WarHenry III
0%
Deposed Richard IIHenry IV
0%
Youngest English monarch to ascend the throneHenry VI
0%
Forced to abdicate due to being a CatholicJames II
0%
Was usurped by her cousinMatilda
0%
Spent 6 months of 10 year reign in EnglandRichard I
0%
Dealt with the Peasants' RevoltRichard II
0%
Reburied in 2015Richard III
0%
Won a civil war in 1153Stephen
0%
Commissioned the Domesday bookWilliam I
0%
Was killed in a "hunting accident"William II
0%
Joint monarchsWilliam III & Mary II
0%
Known as the "Sailor King"William IV
0%

Score Distribution

Percentile by Number Answered

Percent of People with Each Score

Your Score History

You have not taken this quiz